000 00478nam a2200193Ia 4500
003 0100
008 130303s9999 xx 000 0 und d
040 _cARRUPELIB
050 _aRA644.A25W136 2006
100 _aJules, Wahare Yaovi
245 _aInternational movement of Catholic students
260 _aNairobi
260 _bPax Romana - Africa Editions
260 _C2006
300 _a24p.
300 _b 21cm.
650 _bPhilosophy, African
942 _2lcc
_02
999 _c62826
_d62826